Szelektív hidrogénezési reakciók tanulmányozása Lindlar katalizátoron

Elmentve itt :
Bibliográfiai részletek
Szerző: Horváth Sándor
További közreműködők: Mastalir Ágnes (Témavezető)
Dokumentumtípus: Szakdolgozat
Megjelent: 2014
Tárgyszavak:
Online Access:http://diploma.bibl.u-szeged.hu/53450
LEADER 00721nta a2200169 i 4500
001 dipl53450
005 20150921093629.0
008 150921s2014 hu om 0|| zxx d
040 |a SZTE Diploma Repozitórium  |b hun 
041 |a zxx 
100 1 |a Horváth Sándor 
245 1 0 |a Szelektív hidrogénezési reakciók tanulmányozása Lindlar katalizátoron  |h [elektronikus dokumentum] /  |c Sándor Horváth 
246 1 0 |a Investigation of the Lindlar catalyst for selective alkyne hydrogenations  |h [elektronikus dokumentum] 
260 |c 2014 
650 4 |a Természettudományok 
700 1 |a Mastalir Ágnes  |e ths 
856 4 0 |u http://diploma.bibl.u-szeged.hu/id/eprint/53450/1/2013_Horv%C3%A1th_S%C3%A1ndor_HOSTABT_SZE_SZ.pdf  |z Dokumentum-elérés